Indie Anthems - Statistics

General Stats
  • This quiz has been taken 192 times
  • The average score is 17 of 32
Answer Stats
Song Band % Correct
Mr. Brightside The Killers
96%
Seven Nation Army The White Stripes
89%
Fluorescent Adolescent Arctic Monkeys
88%
Champagne Supernova Oasis
85%
Pumped Up Kicks Foster The People
82%
This Charming Man The Smiths
79%
Parklife Blur
78%
The Scientist Coldplay
78%
Bitter Sweet Symphony The Verve
78%
Love Will Tear Us Apart Joy Division
75%
A-Punk Vampire Weekend
75%
Karma Police Radiohead
71%
Zombie The Cranberries
65%
Disco 2000 Pulp
58%
I Am The Resurrection The Stone Roses
55%
Club Foot Kasabian
54%
Don't Look Back Into The Sun The Libertines
54%
Sheila Jamie T
50%
Dakota Stereophonics
50%
Maps Yeah Yeah Yeahs
50%
The Lovecats The Cure
47%
Step On Happy Mondays
39%
Sit Down James
35%
Animal Nitrate Suede
34%
A Design For Life Manic Street Preachers
28%
Suedehead Morrissey
25%
True Faith New Order
24%
What's The Frequency, Kenneth? R.E.M.
24%
Spanish Sahara Foals
23%
Albion Babyshambles
17%
Sing Travis
15%
Good Enough Dodgy
9%
No matching quizzes found
Score Distribution
Percent of People with Each Score
Percentile by Number Answered
Your Score History
You have not taken this quiz